फिर होगी दुनिया सुन्दर / (Record no. 204881)

MARC details
000 -LEADER
fixed length control field 01173nam a22002057a 4500
005 - DATE AND TIME OF LATEST TRANSACTION
control field 20240806142209.0
010 ## - LCCN (DPL NO)
LC control number B-760168 CH-HN
020 ## - INTERNATIONAL STANDARD BOOK NUMBER
Terms of availability 150.00
International Standard Book Number 9789354096761
035 ## - SYSTEM CONTROL NUMBER
System control number B-760168
037 ## - SOURCE OF ACQUISITION
Source of stock number/acquisition उपहार
082 ## - DEWEY DECIMAL CLASSIFICATION NUMBER
Classification number 822
100 ## - MAIN ENTRY--PERSONAL NAME
Personal name चौगांवकर,पद्मा
245 ## - TITLE STATEMENT
Title फिर होगी दुनिया सुन्दर /
Statement of responsibility, etc पद्मा चौगांवकरःऋतुश्री द्वारा संपादित
260 ## - PUBLICATION, DISTRIBUTION, ETC. (IMPRINT)
Place of publication, distribution, etc नई दिल्ली
Name of publisher, distributor, etc प्रकाशन विभाग
Date of publication, distribution, etc 2022
270 ## - ADDRESS
Address सूचना और प्रसारण मंत्रालय, भारत सरकार, सूचना भवन, सी.जी.ओ.काँम्प्लेक्स, लोदी रोड
City नई दिल्ली
Postal code 110003
300 ## - PHYSICAL DESCRIPTION
Extent 66पृ.:
Dimensions 24सेमी (अजिल्द)
Other physical details सचित्र
700 ## - ADDED ENTRY--PERSONAL NAME
Personal name ऋतुश्री
9 (RLIN) 69552
942 ## - ADDED ENTRY ELEMENTS (KOHA)
Source of classification or shelving scheme Dewey Decimal Classification
Item type Children Books
Classification part 822
Call number suffix चौगांव
Holdings
Withdrawn status Lost status Not for loan Collection code Home library Current library Date acquired Source of acquisition Cost, normal purchase price Full call number Barcode Copy number Cost, replacement price Koha item type Public note
      Non-fiction Kadipur Kadipur 06/08/2024 उपहार/6.08.2024 150.00 822 चौगांव B-760168 1 150.00 Children Books उपहार

© Delhi Public Library
Hit Counter
free hit counter